<?xml version="1.0" encoding="UTF-8"?>
<marc:record xmlns:marc="http://www.loc.gov/MARC21/slim">
   <marc:leader>00000nam a2200000 a 4500</marc:leader>
   <marc:datafield ind1="1" ind2=" " tag="100">
      <marc:subfield code="a">Sailer, Simon</marc:subfield>
      <marc:subfield code="4">aut</marc:subfield>
      <marc:subfield code="e">Verfasser/-in</marc:subfield>
   </marc:datafield>
   <marc:datafield ind1=" " ind2=" " tag="653">
      <marc:subfield code="a">Fremdheit</marc:subfield>
   </marc:datafield>
   <marc:datafield ind1="0" ind2="0" tag="245">
      <marc:subfield code="a">Die Schrift</marc:subfield>
   </marc:datafield>
   <marc:datafield ind1="0" ind2="0" tag="245">
      <marc:subfield code="c">Simon Sailer</marc:subfield>
   </marc:datafield>
   <marc:datafield ind1=" " ind2="1" tag="264">
      <marc:subfield code="a">Wien</marc:subfield>
      <marc:subfield code="b">Edition Atelier</marc:subfield>
      <marc:subfield code="c">2020</marc:subfield>
   </marc:datafield>
   <marc:datafield ind1=" " ind2=" " tag="250">
      <marc:subfield code="a">Erste Auflage</marc:subfield>
   </marc:datafield>
   <marc:datafield ind1="1" ind2=" " tag="520">
      <marc:subfield code="a">Simon Sailers erzählerische Hommage an Kafka und Eco ist eine moderne Schauergeschichte und eine abenteuerliche Reise durch die Welt der Sprache und Zeichen.&lt;br/&gt;&lt;br/&gt;Der Ägyptologe Leo Buri führt ein beschauliches, ruhiges Leben. Bis ihm eines Tages eine rätselhafte Schrift in die Hände fällt, die er nicht entziffern kann und die schlagartig alles verändert. Ohne einen ersichtlichen Grund verhalten sich die Menschen ihm gegenüber plötzlich ablehnend: Seine Freunde wenden sich ab, seine Frau Stefanie trennt sich und die Arbeitskollegen raten ihm, die Stadt zu verlassen. Doch die Schrift übt eine geheimnisvolle Anziehungskraft auf ihn aus, und so lässt sich Leo auf das Rätsel hinter diesem Spiel aus Zeichen, Anzeichen und Vermutungen ein ...&lt;br/&gt;</marc:subfield>
   </marc:datafield>
   <marc:datafield ind1=" " ind2=" " tag="020">
      <marc:subfield code="a">9783990650394</marc:subfield>
      <marc:subfield code="9">9783990650394</marc:subfield>
   </marc:datafield>
   <marc:datafield ind1=" " ind2=" " tag="041">
      <marc:subfield code="a">ger</marc:subfield>
   </marc:datafield>
   <marc:datafield ind1=" " ind2=" " tag="300">
      <marc:subfield code="b">Vierfärbige Illustrationen von Jorghi Poll.</marc:subfield>
   </marc:datafield>
   <marc:datafield ind1="1" ind2=" " tag="521">
      <marc:subfield code="a">0</marc:subfield>
   </marc:datafield>
   <marc:datafield ind1=" " ind2=" " tag="300">
      <marc:subfield code="a">120 Seiten</marc:subfield>
   </marc:datafield>
</marc:record>
